00966ngm a2200253 a 450000500170000000800410001708200180005824500590007625000190013530000620015449000140021650000900023065000660032065000440038665000470043070000350047794200200051226400420053233600270057433700330060133800280063404000350066299900150069720220317001249.0160825s1991 ck g 000 0 spa 04a791.43 bM14d10aDanzóncdirección María Novarohvideograbación a1a. edición  a1 videocasete en VHS (120 minutos)bsonido, colorc20 cm  aLa maleta aLa película pertenece a la colección La Maleta. Dirigida para un público adulto142LEMBaPelículas cinematográficas mexicanasvVideocasetes 142LEMB aCine de aventurasvVideocasetes 142LEMB aCine latinoamericanovVideocasetes 1 aNovaro, Maríad1951- 968488 2ddccVIDEOCASET aBogotábMinisterio de Culturac1991 atextobtxt2rdacontent asin mediaciónbn2rdamedia avolumenbnc2rdacarrier aCO-BoRNBPbspaerdacCO-BoRNBP c6431d6431